000 00489nam a2200169 i 4500
001 35297
003 ES-MaACL
005 20230906155111.0
007 t|
008 030212s1968 sp ||||1| spa d
100 1 _aBorgert, H.
_930455
245 1 3 _aLa Iglesia y sus probabilidades /
_cH. Borgert ; [tradujo Ramón Rodríguez].
260 _aSalamanca :
_bSígueme,
_c1968.
300 _a409 p. ;
_c21 cm.
700 1 _aRodríguez, Ramón.
_998297
852 _aES-MaACL
_jC-35584
_bR.68508
999 _c35297
_d35297